<?xml version="1.0" encoding="UTF-8"?>
<record
    xmlns:xsi="http://www.w3.org/2001/XMLSchema-instance"
    xsi:schemaLocation="http://www.loc.gov/MARC21/slim http://www.loc.gov/standards/marcxml/schema/MARC21slim.xsd"
    xmlns="http://www.loc.gov/MARC21/slim">

  <leader>00735nam a2200169   4500</leader>
  <controlfield tag="001">14049</controlfield>
  <controlfield tag="005">20260326111413.0</controlfield>
  <datafield tag="010" ind1=" " ind2=" ">
    <subfield code="a">9782842609894</subfield>
  </datafield>
  <datafield tag="090" ind1=" " ind2=" ">
    <subfield code="a">14049</subfield>
  </datafield>
  <datafield tag="099" ind1=" " ind2=" ">
    <subfield code="o">0</subfield>
  </datafield>
  <datafield tag="100" ind1=" " ind2=" ">
    <subfield code="a">20260326d        u||y0frey50      ba</subfield>
  </datafield>
  <datafield tag="200" ind1=" " ind2=" ">
    <subfield code="a">Incident suspect</subfield>
    <subfield code="b">LIVR</subfield>
  </datafield>
  <datafield tag="214" ind1=" " ind2=" ">
    <subfield code="c">&#xE9;ditions th&#xE9;&#xE2;trales</subfield>
  </datafield>
  <datafield tag="323" ind1=" " ind2=" ">
    <subfield code="a">6 personnages</subfield>
  </datafield>
  <datafield tag="330" ind1=" " ind2=" ">
    <subfield code="a">Adina Blum, cinquantenaire, poignarde son mari sans explication. Ses enfants, un po&#xE8;te aigri et une fille lesbienne, maquillent le crime en attentat et abandonnent le corps en territoires occup&#xE9;s. S'ensuivent une enqu&#xEA;te douteuse et des alliances inattendues pour &#xE9;touffer la v&#xE9;rit&#xE9;. Adina, elle, reste invisible, spectatrice de ce chaos familial.</subfield>
  </datafield>
  <datafield tag="610" ind1=" " ind2=" ">
    <subfield code="a">Enqu&#xEA;te</subfield>
    <subfield code="a">famille</subfield>
  </datafield>
  <datafield tag="700" ind1=" " ind2=" ">
    <subfield code="a">Guil</subfield>
    <subfield code="b">Noam</subfield>
  </datafield>
  <datafield tag="995" ind1=" " ind2=" ">
    <subfield code="2">0</subfield>
    <subfield code="5">2026-03-26</subfield>
    <subfield code="9">13940</subfield>
    <subfield code="c">JOL</subfield>
    <subfield code="f">JOL-007749</subfield>
    <subfield code="k">TH GUI 6</subfield>
    <subfield code="o">0</subfield>
    <subfield code="b">JOL</subfield>
    <subfield code="r">LIVR</subfield>
  </datafield>
</record>
